| 000 | 01455cam a22003857a 4500 | ||
|---|---|---|---|
| 003 | CHAP | ||
| 005 | 20220329142643.0 | ||
| 008 | 010920d2001 mx r 00110 spa d | ||
| 010 | _a86058 | ||
| 011 | _a87030 | ||
| 035 | _a97571 | ||
| 040 | _cCHAP | ||
| 090 | _aTesis | ||
| 100 | 0 | 0 |
_aVázquez Sánchez, Cecilio. _9120522 |
| 245 | 1 | 0 |
_aEstudio de la incidencia de hongos fitopatógenos en la raíz y corona del cultivo de la fresa de acuerdo al tipo de suelo y aislamiento e identificación de rizobacterias antagónicas en la región de Irapuato, Gto. _c/por Cecilio Vázquez Sánchez |
| 260 |
_aIrapuato, Gto. : _bEl autor, _c1997. |
||
| 300 | _a61 h. | ||
| 502 | _aTesis (Ing. en Alimentos) -- Universidad de Guanajuato. Instituto de Ciencias Agrícolas | ||
| 590 |
_aALEPH _b10 _c20130110 _lUCH01 _h1447 |
||
| 590 |
_aBATCH-UPD _b10 _c20130110 _lUCH01 _h0813 |
||
| 590 |
_aBATCH-UPD _b10 _c20130410 _lUCH01 _h0450 |
||
| 590 |
_aBATCH-UPD _b10 _c20130914 _lUCH01 _h1436 |
||
| 590 |
_aCONVERSION _b10 _c20130109 _lUCH01 _h1348 |
||
| 650 | 1 | 4 |
_aFresa _xEnfermedades por hongos. _943203 |
| 650 | 1 | 4 |
_aFresa _zGuanajuato. _943236 |
| 650 | 1 | 4 |
_aFusarium. _944082 |
| 650 | 1 | 4 |
_aHongos fitopatógenos. _956132 |
| 650 | 1 | 4 |
_aRhizoctonia solani. _997134 |
| 650 | 1 | 4 |
_aRizósfera. _997820 |
| 650 | 1 | 4 |
_aSuelos _xAnálisis. _9110204 |
| 901 | _aBK | ||
| 905 | _aalejandracm | ||
| 942 | _cTESIS | ||
| 949 |
_aTesis _bBC _cTES _d33724000875258 _eTS1 _h39646 _i97571 _sb |
||
| 999 |
_c86058 _d86058 |
||